000 00283nam a22001337a 4500
008 170715b xxu||||| |||| 00| 0 eng d
020 _a0807010073
041 _aeng
080 _a572
100 _a24
101 _aANT
245 _aIMAGE AS INSIGHT
_cMILES, M.R
942 _2udc
_cBK
999 _c21219
_d21219